NRM 1 (Record no. 121285)

MARC details
000 -LEADER
fixed length control field 01454cam a22003015a 4500
001 - CONTROL NUMBER
control field 121285
008 - FIXED-LENGTH DATA ELEMENTS--GENERAL INFORMATION
fixed length control field 221228s2021 xxk f 001 0 eng d
020 ## - INTERNATIONAL STANDARD BOOK NUMBER
International Standard Book Number 9781783214242
041 0# - LANGUAGE CODE
Language code of text/sound track or separate title eng
050 04 - LIBRARY OF CONGRESS CALL NUMBER
Classification number 692.3095
110 2# - MAIN ENTRY--CORPORATE NAME
Corporate name or jurisdiction name as entry element Royal Institution of Chartered Surveyors
9 (RLIN) 4900
240 ## - UNIFORM TITLE
Uniform title NRM 1
245 00 - TITLE STATEMENT
Title NRM 1
Remainder of title RICS new rules of measurement
-- order of cost estimating cost planning for capital building works
Medium [Electronic resource]
250 ## - EDITION STATEMENT
Edition statement 3rd
260 ## - PUBLICATION, DISTRIBUTION, ETC.
Place of publication, distribution, etc. London,
Name of publisher, distributor, etc. RICS,
Date of publication, distribution, etc. October 2021
300 ## - PHYSICAL DESCRIPTION
Extent 476p
490 #0 - SERIES STATEMENT
Series statement RICS Guidance Note
520 ## - SUMMARY, ETC.
Summary, etc. NRM 1 has been revised to interface with new developments, so that clients can be advised of and have confidence in the quality and consistency of the cost information being provided to them. Includes measurement rules for order of cost estimating; measurement rules for cost planning; cost control in procurement; includes sections on elements such as substructure, superstructure, internal finishes, fittings, risks & inflation
520 ## - SUMMARY, ETC.
Summary, etc. Supersedes 2nd edition, 2012.
521 ## - TARGET AUDIENCE NOTE
Target audience note Advanced
650 24 - SUBJECT ADDED ENTRY--TOPICAL TERM
Topical term or geographic name entry element RICS NEW RULES OF MEASUREMENT
650 24 - SUBJECT ADDED ENTRY--TOPICAL TERM
Topical term or geographic name entry element NEW RULES OF MEASUREMENT 1
651 #4 - SUBJECT ADDED ENTRY--GEOGRAPHIC NAME
Geographic name International
690 ## - LOCAL SUBJECT ADDED ENTRY--TOPICAL TERM (OCLC, RLIN)
Topical term or geographic name as entry element Cost management
9 (RLIN) 6233
690 ## - LOCAL SUBJECT ADDED ENTRY--TOPICAL TERM (OCLC, RLIN)
Topical term or geographic name as entry element Construction management
9 (RLIN) 6230
856 ## - ELECTRONIC LOCATION AND ACCESS
Uniform Resource Identifier <a href="https://www.rics.org/profession-standards/rics-standards-and-guidance/sector-standards/construction-standards/nrm">https://www.rics.org/profession-standards/rics-standards-and-guidance/sector-standards/construction-standards/nrm</a>
Public note Available on RICS.org
942 ## - ADDED ENTRY ELEMENTS (KOHA)
Suppress in OPAC 0
Source of classification or shelving scheme Dewey Decimal Classification
Holdings
Withdrawn status Lost status Source of classification or shelving scheme Damaged status Not for loan Home library Current library Date acquired Total Checkouts Date last seen Price effective from Koha item type
    Dewey Decimal Classification     Virtual Virtual 28/12/2022   28/12/2022 28/12/2022 Online material